ABC I Like Me! / (Record no. 306001)
[ view plain ]
| 000 -LEADER | |
|---|---|
| fixed length control field | 00588nam a2200241Ia 4500 |
| 008 - FIXED-LENGTH DATA ELEMENTS--GENERAL INFORMATION | |
| fixed length control field | 170203s9999 xx 000 0 und d |
| 020 ## - INTERNATIONAL STANDARD BOOK NUMBER | |
| International Standard Book Number | 0-590680366 |
| 050 ## - LIBRARY OF CONGRESS CALL NUMBER | |
| Classification number | Fic |
| 050 ## - LIBRARY OF CONGRESS CALL NUMBER | |
| Item number | .C284a 1997 |
| 100 ## - MAIN ENTRY--PERSONAL NAME | |
| Personal name | Carlson, Nancy |
| 245 ## - TITLE STATEMENT | |
| Title | ABC I Like Me! / |
| 245 ## - TITLE STATEMENT | |
| Statement of responsibility, etc | Nancy Carlson. |
| 260 ## - PUBLICATION, DISTRIBUTION, ETC. (IMPRINT) | |
| Place of publication, distribution, etc | U.S.A |
| 260 ## - PUBLICATION, DISTRIBUTION, ETC. (IMPRINT) | |
| Name of publisher, distributor, etc | Scholastic Inc., |
| 260 ## - PUBLICATION, DISTRIBUTION, ETC. (IMPRINT) | |
| Date of publication, distribution, etc | 1997 |
| 300 ## - PHYSICAL DESCRIPTION | |
| Other physical details | col. ill. ; |
| 300 ## - PHYSICAL DESCRIPTION | |
| Dimensions | 26 cm. |
| 650 ## - SUBJECT ADDED ENTRY--TOPICAL TERM | |
| Topical term or geographic name as entry element | English language--Alphabet-- |
| 650 ## - SUBJECT ADDED ENTRY--TOPICAL TERM | |
| Topical term or geographic name as entry element | Self-esteem-- |
| 650 ## - SUBJECT ADDED ENTRY--TOPICAL TERM | |
| Topical term or geographic name as entry element | Self-esteem. |
| 650 ## - SUBJECT ADDED ENTRY--TOPICAL TERM | |
| General subdivision | Juvenile literature. |
| 650 ## - SUBJECT ADDED ENTRY--TOPICAL TERM | |
| General subdivision | Juvenile literature. |
| Withdrawn status | Lost status | Damaged status | Home library | Current library | Shelving location | Date acquired | Total Checkouts | Full call number | Barcode | Date last seen | Price effective from | Koha item type |
|---|---|---|---|---|---|---|---|---|---|---|---|---|
| Stonyhurst Southville International School (Batangas) | Stonyhurst Southville International School (Batangas) | 02/03/2017 | Fic .C284a 1997 | LS-3904 | 02/03/2017 | 02/03/2017 | Books |